000 00796nam a2200229Ia 4500
003 OSt
005 20250312094602.0
008 210719s2007 xx 000 0 und d
040 _cAL
041 _akannada
082 _aK894.9 NAGK
100 _aNAGHABHUSHANA (D S)
_9117275
_dನಾಗಭೂಷಣ (ಡಿ ಎಸ್ )
245 _aKuvempu sahitya darshana : Kuvempu sahitya vimarshe
_bಕುವೆಂಪು ಸಾಹಿತ್ಯ ದರ್ಶನ : ಕುವೆಂಪು ಸಾಹಿತ್ಯ ವಿಮರ್ಶೆ
260 _aBengaluru
_c2007
300 _a102
_bPB
365 _b50
_cRs
650 _aKannada Criticism
_9117276
650 _aPuttappa K V
_9117277
650 _aKannada Miscellaneous
_9117278
906 _adarshana ; Kuvempu ; sahitya ; vimarshe
942 _2ddc
_cBK
999 _c215016
_d215016